100 Biggest Cities in Minnesota on a Map - Statistics

General Stats
  • This quiz has been taken 2,192 times
  • The average score is 45 of 100
Answers on the Map
Answers color-coded by a green-red scale on the quiz's map according to % correct below.
 
Answer Stats
Population Cities % Correct
429,954 Minneapolis
98%
311,527 St. Paul
97%
86,697 Duluth
94%
121,395 Rochester
89%
68,881 St. Cloud
82%
89,987 Bloomington
77%
44,488 Mankato
72%
14,574 Bemidji
66%
53,494 Edina
66%
53,781 Minnetonka
66%
86,478 Brooklyn Park
63%
44,505 Moorhead
63%
64,198 Eden Prairie
60%
70,253 Maple Grove
60%
25,948 Winona
59%
68,855 Eagan
58%
81,026 Plymouth
58%
56,374 Apple Valley
57%
14,395 Brainerd
57%
69,490 Lakeville
57%
75,102 Woodbury
57%
70,222 Blaine
56%
64,317 Burnsville
55%
43,698 Shakopee
55%
50,010 St. Louis Park
54%
17,921 Anoka
53%
33,782 Brooklyn Center
52%
18,492 Albert Lea
51%
63,599 Coon Rapids
51%
16,547 Red Wing
51%
36,254 Roseville
51%
20,759 South St. Paul
50%
19,394 Stillwater
50%
14,335 Alexandria
49%
26,174 Austin
49%
16,214 Hibbing
49%
26,420 Owatonna
47%
20,615 West St. Paul
46%
24,883 White Bear Lake
46%
25,947 Chanhassen
45%
22,154 Hastings
45%
27,810 Chaska
44%
11,126 Grand Rapids
44%
12,364 North St. Paul
44%
36,994 Richfield
44%
12,568 Cloquet
43%
20,790 Northfield
43%
42,088 Maplewood
42%
24,453 Faribault
41%
25,650 Rosemount
41%
38,839 Cottage Grove
40%
23,632 Farmington
40%
22,552 Golden Valley
40%
10,221 Hermantown
40%
12,066 St. Peter
40%
29,590 Fridley
39%
35,801 Inver Grove Heights
39%
13,628 Marshall
39%
14,120 New Ulm
39%
32,465 Savage
39%
25,835 Elk River
38%
14,119 Fergus Falls
38%
19,079 Hopkins
38%
27,617 Prior Lake
38%
14,275 North Mankato
36%
21,015 Willmar
36%
32,601 Andover
35%
20,611 Forest Lake
35%
27,646 Ramsey
34%
13,295 Rogers
34%
18,235 St. Michael
34%
13,947 Worthington
34%
14,455 Monticello
33%
16,168 Buffalo
32%
14,599 Hutchinson
32%
11,744 Mendota Heights
32%
19,351 Sartell
32%
13,862 Sauk Rapids
32%
10,819 Little Canada
31%
28,303 Oakdale
31%
26,921 Shoreview
31%
23,330 Crystal
30%
21,399 Lino Lakes
30%
13,249 Mounds View
30%
21,973 Columbia Heights
29%
21,986 New Hope
29%
14,646 Robbinsdale
29%
23,919 Champlin
28%
10,787 North Branch
28%
13,033 Waconia
28%
11,686 Big Lake
27%
23,454 New Brighton
27%
12,912 Vadnais Heights
27%
10,487 Fairmont
26%
11,335 Lake Elmo
26%
16,464 Ham Lake
25%
15,766 Hugo
25%
19,966 Otsego
25%
10,546 Victoria
24%
11,786 East Bethel
21%
No matching quizzes found
Score Distribution
Percent of People with Each Score
Percentile by Number Answered
Your Score History
You have not taken this quiz